Top 5 Charlotte Hornets Players Per Position - Statistics

General Stats
  • This quiz has been taken 338 times
    38 since last reset
  • The average score is 9 of 25
Answer Stats
Position # Player WS % Correct
PG 3 LaMelo Ball 19.8
94%
PG 1 Kemba Walker 48.5
92%
SF 3 Miles Bridges 27.8
72%
C 3 Alonzo Mourning 23.9
67%
PF 1 Larry Johnson 41.1
67%
SF 2 Glen Rice 28.4
53%
SG 1 Dell Curry 31.0
47%
C 1 Cody Zeller 31.0
42%
PG 2 Muggsy Bogues 44.8
42%
PG 4 Baron Davis 19.2
36%
SF 1 Gerald Wallace 45.9
36%
PF 3 Marvin Williams 27.5
33%
SG 3 Terry Rozier 17.9
33%
C 5 Bismack Biyombo 15.9
25%
C 2 Emeka Okafor 26.2
22%
SF 5 Nicolas Batum 17.3
22%
PF 2 Anthony Mason 29.5
14%
SF 4 Michael Kidd-Gilchrist 21.1
14%
PG 5 Raymond Felton 19.0
14%
PF 4 P.J. Brown 16.3
11%
SG 2 David Wesley 26.9
8%
C 4 Elden Campbell 23.2
6%
SG 5 Jeremy Lamb 15.7
6%
SG 4 Hersey Hawkins 17.5
3%
PF 5 Kenny Gattison 16.1
3%
No matching quizzes found
Score Distribution
Percent of People with Each Score
Percentile by Number Answered
Your Score History
You have not taken this quiz since the last reset